00556 a2200157 4500010001400000020002300014035001400037037001600051082001500067100002000082245008700102260003700189270008200226300003000308500006000338 aENG-89937 a8125015655c650.00 aEN-73470  bDBAD / PUB14a338.0954351 a C.V. Subba Rao1 aHyderabad:cby C.V. Subba Raobthe social context of industrialisation, 1875-1948/ aNew DelhibOrient Longmanc2007 a1/24, Asaf Ali Road,bNew Delhie110002mdelgeneral@orientlongman.comcDelhi axxii, 218p.c22 cm (Hb ) aIncludes glossary, bibliographical references & index.